000 01106cab a2200217 4500
001 ##L133918
008 060620n2006 000 0 eng u
035 _a(Sirsi) u133918
041 0 _aeng
110 1 _aRoyal Institution of Chartered Surveyors
_bPublic Affairs
_94679
245 0 0 _aRICS UK construction forecast 2006
260 _c2006
490 0 _aRICS Press Release
_v16 June 2006
520 _aConstruction output is anticipated to be 2% higher by the end of 2006, and 2.7% higher by the end of the following year, according to the latest RICS construction forecast. This follows a fall in growth in 2005, the first for 11 years. Both commercial building and public housing are expected to increase, although industrial property growth is expected to fall from 11% in 2006 to 1% in 2007.
590 _aIKA040706 NTK
650 2 4 _aRICS UK CONSTRUCTION FORECAST
651 4 _aUnited Kingdom
_y
690 _aBUILT ENVIRONMENT-CONSTRUCTION MARKET
856 4 1 _uhttps://www.rics.org/RICSWEB/getpage.aspx?p=F5K0jmyQhUeqJCGVK_RIpw
_zView the item free of charge at www.rics.org/...
942 _n0
999 _c77256
_d77256